000 00695 a2200181 4500
001 144181
040 _cLeonardo Da Vinci
041 _aPortuguês
082 _aAP540 L564q
_bL564q
100 _aLEMBO, Antonio
_aCARVALHO, Geraldo Camargo de
_aUSBERCO, João
245 _aQuímica
_bcaderno de exercícios
250 _aLE
260 _bAnglo
_c2004
_aSão Paulo
300 _a96
362 _a20110127
697 _aEstrutura atômica
_aTabela periódica
_aLigações químicas
_aRadioatividade
_aFunções inorgânicas
_aMassa atômica
_aGases
_aEstequiometria
_aSoluções
_aTermoquímica
_aCinética química
_aEquilibrios
_aOxirredução
_aEletroquímica
_aNomenclatura
_aIsometria
_aLE
942 _cBK
999 _c144181
_d144181